00407 2200157 4500001002100000005001500021008004100036035001900077041000700096082000800103090001400111100002300125245004100148260004300189300001700232INLIS00000000001619520241224115058241224||||||||| | ||| |||| || |  0010-1224016195 aid0 a811 a811 SON o0 aSONI FARID MAULANA00aOrang Malam :puisi pilihan 1995-1998 aBandungbREKAMEDIA MULTIPRAKARSAc1998 a36 hlm;21 cm